000
00304nam a22001217a 4500
020
_a
9789383305568
082
_a
551.6
_b
KAT/AG
100
_a
Kathiresan,G
_9
921
245
_a
Agrometeorology: A Simplified Textbook
260
_a
New India Publishing Agency
_b
New Delhi
_c
2015
300
_a
182
942
_c
BK
999
_c
14528
_d
14528